000 00835cam a2200241 a 4500
001 940
003 BD-RjUL
005 20211208233243.0
008 150226r20071996bg 000 0 eng
020 _a9848127097
035 _a(BD-RjUL)962
040 _aDLC
_cCWR
_dOCL
_dIGA
_dIaU
_dMBU-L
_dBD-RjUL
_beng
041 _aeng
082 0 4 _221
_a394.26095492
_bMAF 2007
100 _aMamoon, Muntassir
_9116198
245 _aThe festivals of Bangladesh /
_cMuntassir Mamoon ; translated from Bengali by Rajoshi Ghosh.
260 _aDhaka, Bangladesh :
_bInternational Centre for Bengal Studies : Distributor, University Press,
_c1996 [reprint 2007].
300 _a144 p. ;
_c22 cm.
650 _aFestivals
_zBangladesh.
_9116199
650 _aFasts and feasts
_zBangladesh.
_9116200
700 _aGhosh, Rajoshi
_9116201
942 _2ddc
_cBK
999 _c940
_d940